Entre monjes y musulmanes : el conflicto que fue Espana /

Bibliographic Details
Main Author: Cantarino, Vicente, 1925-
Format: Book
Language:Spanish
Published: Madrid : Alhambra, 1978.
Edition:1a ed.
Series:Estudios
Subjects:

MARC

Tag First Indicator Second Indicator Subfields
LEADER 00000cam a2200000 i 4500
001 in00000407521
005 20151012050451.0
008 781003s1978 sp b 00010 spa
010 |a  78371718  
015 |a Sp*** 
020 |a 8420503932 :  |c 400ptas 
035 |a (OCoLC)04178858 
035 |9 ABS9737AM 
040 |a DLC  |c DLC  |d TXA  |d UtOrBLW 
043 |a e-sp--- 
049 |a TXAM  |c [A09243741] 
050 0 0 |a DP99  |b .C33 
082 0 |a 946/.02 
100 1 |a Cantarino, Vicente,  |d 1925- 
245 1 0 |a Entre monjes y musulmanes :  |b el conflicto que fue Espana /  |c Vicente Cantarino. 
250 |a 1a ed. 
264 1 |a Madrid :  |b Alhambra,  |c 1978. 
300 |a vi, 305 pages ;  |c 20 cm. 
336 |a text  |b txt  |2 rdacontent 
337 |a unmediated  |b n  |2 rdamedia 
338 |a volume  |b nc  |2 rdacarrier 
490 0 |a Estudios 
504 |a Includes bibliographical references. 
650 0 |a Christianity  |z Spain. 
650 0 |a Islam  |z Spain. 
651 0 |a Spain  |x Civilization  |y 711-1516. 
999 |a MARS 
999 f f |s c4819345-7f80-3d58-8b33-1b19a42626ed  |i fab4834f-236e-3375-b282-a24dc4d36617  |t 0 
952 f f |p ric  |a Texas A&M University  |b Rellis Campus  |c Joint Library Facility  |d Remote Storage  |t 0  |e DP99 .C33  |h Library of Congress classification  |i unmediated -- volume  |m A14809243741 
998 f f |a DP99 .C33  |t 0  |l Remote Storage